000 01412cad a22002175a 4500
001 L156599
008 120611e2012 xxk 000 0 eng d
035 _a(Sirsi) u156599
041 0 _aeng
110 2 _aCushman & Wakefield
_95888
245 0 0 _aMarketbeat retail snapshot United States
_bQ1 2012
_h[electronic resource]
260 _aNew York
_bCushman & Wakefield
_c2012
490 0 _aCushman & Wakefield Marketbeat Retail Snapshot
_vQ1 2012
520 _aExpansion of the US economy slowed during Q1 2012 but its overall direction remains positive. Retail metrics improved with total market vacancy ending the first quarter 2012 at 7.3%, with rates expected to move down further during the year. Absorption totaled 9.4 m sq ft since the beginning of 2012. Sales of significant retail properties totaled US$ 3.4bn in Q1 2012.
520 _aEconomic overview -- retail market overview -- retail market activity -- outlook -- United States market highlights.
590 _aKA
651 4 _aUnited States
690 _aCommercial property
_96227
856 4 0 _uhttps://www.cushwake.com/cwglobal/jsp/kcLocalReportArchive.jsp?Country=GLOBAL&Language=EN&region=US&sector=ALL&catId=100004&city=ALL&_requestid=547256
_zView the report after free registration (click on local market reports link, highlight United States in the Region box, click on search then click on item link) at www.cushwake.com
942 _n0
999 _c84093
_d84093